Estudio de la historia: compendio de los volúmenes I - VI

Guardat en:
Dades bibliogràfiques
Autors principals: Toynbee, Arnold Joseph (autor), Somervell, D. C (Autor)
Format: Llibre
Idioma:espanyol
Publicat: Buenos Aires Emecé 1952
Matèries:
Etiquetes: Afegir etiqueta
Sense etiquetes, Sigues el primer a etiquetar aquest registre!

MARC

LEADER 00000nam a2200000 a 4500
001 UCP5489
003 CL-VaPUC
008 990910e19520000AG |||||||||||||||||spa|d
082 0 4 |a 907.2  |b TOY  |2 21 
100 |a Toynbee, Arnold Joseph   |e autor   |9 315218 
700 0 |a Somervell, D. C  |e author  |9 433933 
245 1 0 |a Estudio de la historia: compendio de los volúmenes I - VI 
300 |a 612 p 
942 |c BK 
945 |d 19990910 00:00:00  |a lriquelm 
260 |a Buenos Aires  |b Emecé  |c 1952 
650 0 |a Historiografía   |9 257871 
650 0 |a Filosofía de la historia  |9 265651 
650 0 |a Civilizaciones  |9 267192 
650 7 |a ESTADOS  |2 CL-VaPUC  |9 357800 
650 0 |a Iglesias  |9 352850 
583 |a last modification  |c 19990910 00:00:00  |k Rodrigo Vera 
999 |c 283234  |d 283232 
952 |0 0  |1 0  |4 0  |6 907_200000000000000_TOY_1952  |7 0  |8 X  |9 326141  |a BIBHIS  |b BIBHIS  |d 2019-11-20  |i 1369636  |o 907.2 TOY 1952  |p 1369636  |r 2024-01-30  |w 2019-11-20  |y BK_X  |k HIS 
952 |0 0  |1 0  |4 0  |6 907_200000000000000_TOY_1952  |7 0  |8 X  |9 326142  |a BIBHIS  |b BIBHIS  |d 2019-11-20  |i 1369644  |o 907.2 TOY 1952  |p 1369644  |r 2024-01-30  |w 2019-11-20  |y BK_X  |k HIS